000 00733nam a2200241 i 4500
001 bg
100 1 _aKOZŁOWSKI, Stefan
245 1 0 _aEkorozwój :
_bwyzwanie XXI wieku /
_cStefan Kozłowski.
260 _aWarszawa :
_bWydaw. Naukowe PWN,
_c2000.
300 _a372, [3] s., [4] s. tabl. kolor. :
_bil., mapy ;
_c24 cm.
504 _aBibliogr.
650 9 _aEkorozwój
650 9 _aEkorozwój
_zPolska
_yod 1989 r.
655 _aPodręczniki akademickie
020 _a8301132442
040 _cBPK
041 0 _apl
080 _a504.03(438)"1989/..."(075.8)
920 _a83-01-13244-2
942 _cKS
008 s pl f |000 0 pol
999 _c39086
_d39086
856 _uhttp://koha.tu.koszalin.pl/cgi-bin/koha/opac-detail.pl?biblionumber=39086
_yKatalog online BPK